|
|
|
|
| LEADER |
00000cam a2200000 7i4500 |
| 001 |
0000000503 |
| 005 |
20151222.0 |
| 008 |
070702 |
| 020 |
|
|
|a 9830555917(set)
|
| 020 |
|
|
|a 9830556034
|
| 090 |
0 |
0 |
|a JF
|b MAL (550)
|
| 100 |
0 |
|
|a Dila Zunarti binti Md. Jahaya
|
| 245 |
1 |
0 |
|a Jiran
|c Dila Zunarti binti Md. Jahaya
|
| 260 |
|
|
|a Selangor :
|b Penerbit Pinang ,
|c 2005
|
| 440 |
|
|
|a Siri sinar budi
|
| 500 |
|
|
|a Children ages 7-9 years old (orange)
|
| 650 |
|
0 |
|a Children's stories, Malay
|
| 999 |
|
|
|a 0000959117
|b Book
|c Children Collection
|e Perbadanan Perpustakaan Awam Johor
|
| 999 |
|
|
|a 0000959118
|b Book
|c Children Collection
|e Perbadanan Perpustakaan Awam Johor
|
| 999 |
|
|
|a 0000959119
|b Book
|c Children Collection
|e Perbadanan Perpustakaan Awam Johor
|
| 999 |
|
|
|a 0000959120
|b Book
|c Children Collection
|e Perbadanan Perpustakaan Awam Johor
|
| 999 |
|
|
|a 0000959121
|b Book
|c Children Collection
|e Perbadanan Perpustakaan Awam Johor
|